FMD recovery - time for action (Record no. 68353)
[ view plain ]
| 000 -LEADER | |
|---|---|
| fixed length control field | 00967cam a2200205 4500 |
| 001 - CONTROL NUMBER | |
| control field | WB3736-17 |
| 008 - FIXED-LENGTH DATA ELEMENTS--GENERAL INFORMATION | |
| fixed length control field | 010925n2001 000 0 eng u |
| 035 ## - SYSTEM CONTROL NUMBER | |
| System control number | (Sirsi) u114812 |
| 245 ## - TITLE STATEMENT | |
| Title | FMD recovery - time for action |
| 260 ## - PUBLICATION, DISTRIBUTION, ETC. | |
| Date of publication, distribution, etc. | 2001 |
| 490 ## - SERIES STATEMENT | |
| Series statement | English Nature Press Release |
| Volume/sequential designation | (EN/01/34) 21 September 2001, (2) |
| 520 ## - SUMMARY, ETC. | |
| Summary, etc. | English Nature has published its first assessment of the effects of foot and mouth disease on protected wildlife sites and the wider countryside. "Interim assessment of the effects of the Foot and Mouth outbreak on England's biodiversity", English Nature Research Report 430, is available on English Nature's website english-nature.org.uk. Alternatively, contact the Enquiry Service on 01733 455100, [email protected] |
| 590 ## - LOCAL NOTE (RLIN) | |
| Local note | WB |
| 650 ## - SUBJECT ADDED ENTRY--TOPICAL TERM | |
| Topical term or geographic name entry element | FOOT-AND-MOUTH DISEASE |
| 650 ## - SUBJECT ADDED ENTRY--TOPICAL TERM | |
| Topical term or geographic name entry element | WILDLIFE SITES |
| 650 ## - SUBJECT ADDED ENTRY--TOPICAL TERM | |
| Topical term or geographic name entry element | COUNTRYSIDE |
| 650 ## - SUBJECT ADDED ENTRY--TOPICAL TERM | |
| Topical term or geographic name entry element | BIODIVERSITY |
| 690 ## - LOCAL SUBJECT ADDED ENTRY--TOPICAL TERM (OCLC, RLIN) | |
| Topical term or geographic name as entry element | ENVIRONMENT-AUDIT/ASSESSMENT |
| 942 ## - ADDED ENTRY ELEMENTS (KOHA) | |
| Suppress in OPAC | 0 |
| Withdrawn status | Lost status | Source of classification or shelving scheme | Damaged status | Not for loan | Home library | Current library | Shelving location | Date acquired | Total Checkouts | Full call number | Barcode | Date last seen | Copy number | Price effective from | Koha item type |
|---|---|---|---|---|---|---|---|---|---|---|---|---|---|---|---|
| Dewey Decimal Classification | London | London | News article | 25/09/2001 | WB3736-17 | 114812-1001 | 06/08/2019 | 1 | 06/08/2019 | News article |